[Event "Florianopolis op-C"]
[Site "Florianopolis"]
[Date "2023.09.23"]
[Round "4"]
[White "Zago, Caroline Datora"]
[Black "De Oliveira, Andre Lisboa"]
[Result "0-1"]
[WhiteElo "1570"]
[BlackElo "1800"]
[PlyCount "76"]
[EventDate "2023.09.22"]
[EventType "swiss"]
[EventRounds "6"]
[EventCountry "BRA"]
[SourceTitle "EXT 2024"]
[Source "ChessBase"]
[SourceDate "2023.10.10"]
[SourceVersion "1"]
[SourceVersionDate "2023.10.10"]
[SourceQuality "1"]

1. e4 c5 2. Nf3 Nc6 3. d4 cxd4 4. Nxd4 e5 5. Nxc6 bxc6 6. c4 Bc5 7. Nc3 Nf6 8. Be2 Bb4 9. f3 Bc5 10. Na4 Qe7 11. Nxc5 Qxc5 12. Qb3 0-0 13. Be3 Qa5+ 14. Kf2 d6 15. Rhd1 Qc7 16. Qd3 Rd8 17. Rac1 c5 18. Qd2 Rb8 19. b3 Be6 20. Bg5 Qe7 21. Qa5 Nxe4+ 22. fxe4 Qxg5 23. Qd2 Qh4+ 24. Kg1 Qxe4 25. Bf3 Qg6 26. Rf1 e4 27. Be2 Bh3 28. Rf2 Re8 29. Qe3 Bf5 30. Rcf1 Re5 31. Qf4 Rf8 32. Rd1 e3 33. Rf3 Bg4 34. Rg3 Bxe2 35. Rxg6 fxg6 36. Qxe5 dxe5 37. Re1 Bd3 38. h3 e2 0-1